[Event "Decin op"]
[Site "Decin"]
[Date "1995.??.??"]
[Round "5"]
[White "Jirovsky, Milos"]
[Black "Meduna, Eduard"]
[Result "1-0"]
[WhiteElo "2425"]
[BlackElo "2445"]

1.c4 c6 2.Nc3 d5 3.d4 Nf6 4.e3 g6 5.Bd3 Bg7 6.Nf3 O-O 7.O-O Bf5 8.Bxf5 gxf5
9.Qb3 Qb6 10.cxd5 Qxb3 11.axb3 Nxd5 12.Bd2 e6 13.Rfc1 Rd8 14.Ra5 Nc7 15.h3 Nd7
16.g4 fxg4 17.hxg4 Nf6 18.g5 Nfe8 19.Kf1 Nd6 20.Ke2 Nd5 21.Raa1 Nxc3+ 22.bxc3 Ne4
23.Ra5 Rd5 24.Rca1 a6 25.Be1 h6 26.gxh6 Bxh6 27.c4 Rxa5 28.Bxa5 f6 29.Rh1 Bg7
30.Ne1 Bf8 31.Nd3 Be7 32.Nf4 Ng5 33.Ng6 Re8 34.f4 Nh7 35.e4 Nf8 36.Nxe7+ Rxe7
37.Bb4 Rh7 38.Rxh7 Nxh7 39.Kf3 b6 40.Kg4 a5 41.Bd6 f5+ 42.exf5 Nf6+ 43.Kh4 exf5
44.Bc7 b5 45.Kg5 Ne8 46.cxb5 Nxc7 47.bxc6 Nd5 48.Kxf5 Ne7+ 49.Kf6 Nxc6 50.d5 Nb4
51.d6 Kf8 52.d7 Nc6 53.Ke6 Nd8+ 54.Kd6 Kf7 55.f5  1-0

[Event "Dhaka"]
[Site "Dhaka"]
[Date "1995.??.??"]
[Round "6"]
[White "Conquest, Stuart"]
[Black "Rahman, Zillur"]
[Result "1-0"]
[WhiteElo "2520"]
[BlackElo "2320"]

1.c4 c6 2.e4 d5 3.exd5 cxd5 4.d4 Nf6 5.Nc3 Nc6 6.Bg5 dxc4 7.d5 Ne5 8.Qd4 Nd3+
9.Bxd3 cxd3 10.Nf3 e6 11.O-O Be7 12.Bf4 Nh5 13.Be5 f6 14.d6 fxe5 15.Qxe5 Bxd6
16.Qxh5+ g6 17.Qh6 Bd7 18.Rfe1 Qe7 19.Nd5 Qf8 20.Qh4 Qf5 21.Nf6+ Kd8 22.Qd4 Ke7
23.Nxd7 Kxd7 24.Qg7+ Be7 25.Ne5+ Kd6 26.Nf7+ Kc6 27.Rac1+ Bc5 28.Ne5+ Kb5
29.Qd7+ Ka6 30.Rxc5 b6 31.Qb5+ Kb7 32.Rc7+ Kb8 33.Qc6  1-0

[Event "Dhaka"]
[Site "Dhaka"]
[Date "1995.??.??"]
[Round "8"]
[White "Koshy, Varugeese"]
[Black "Rahman, Zillur"]
[Result "1/2-1/2"]
[WhiteElo "2405"]
[BlackElo "2320"]

1.c4 c6 2.Nf3 d5 3.d4 Bf5 4.cxd5 Bxb1 5.Rxb1 Qxd5 6.a3 Nd7 7.Qc2 Ngf6 8.e3 e6
9.Bd3 Qh5 10.O-O Bd6 11.e4 e5 12.dxe5 Nxe5 13.Nxe5 Bxe5 14.f4 Bd4+ 15.Kh1 Ng4
16.h3 Qh4 17.Qe2 Qg3 18.Qxg4 Qxd3 19.Qd1 Qxb1 20.Qxd4 O-O 21.Rd1 Qc2 22.e5 Rae8
23.Be3 f6 24.Rd2 fxe5 25.fxe5 Rf1+ 26.Kh2 Qb1 27.Bg1 Qe1 28.Qc4+ Kh8 29.Re2 Qb1
30.Bxa7 Rh1+ 31.Kg3 Re1 32.Bd4 h6 33.Qc2 Qxc2 34.Rxc2 Kg8 35.Bc3 Rf1 36.Rd2 Re6
37.a4 Kf8 38.Rd8+ Ke7 39.Rd2 b6 40.b4 Rg6+ 41.Kh2 Rc1 42.Bd4 c5 43.bxc5 bxc5
44.Bf2 Ra6 45.Rd5 Rc6 46.Be3 Ke6 47.Rd8 Ra1 48.Re8+ Kf7 49.Ra8 c4 50.Bd4 c3
51.e6+ Kxe6 52.Bxg7 Kf7 53.Ra7+ Kg6 54.g4 Rf1 55.Bd4 Rff6 56.h4 c2 57.h5+ Kg5
58.Kg3 c1=Q 59.Ra5+ Rc5 60.Rxc5+ Qxc5 61.Bxc5 Re6 62.a5 Re4 63.Kh3 Rxg4 64.Be3+ Kxh5
65.Bxh6 Rd4 66.Bf8 Ra4 67.Bd6 Rxa5  1/2-1/2

[Event "Dresden op"]
[Site "Dresden"]
[Date "1995.??.??"]
[Round "?"]
[White "Schlosser, Philipp"]
[Black "Naumann, Alexander"]
[Result "1/2-1/2"]
[WhiteElo "2500"]
[BlackElo "2360"]

1.c4 c6 2.e4 d5 3.exd5 cxd5 4.d4 Nf6 5.Nc3 Nc6 6.Bg5 Be6 7.a3 h6 8.Bxf6 gxf6
9.Be2 Na5 10.cxd5 Bxd5 11.Nxd5 Qxd5 12.Qa4+ Nc6 13.Bf3 Qa5+ 14.Qxa5 Nxa5
15.Rc1 Kd7 16.d5 Nb3 17.Rc3 Nd4 18.Ne2 Nb5 19.Bg4+ e6 20.Rb3 Nd6 21.Nd4 f5
22.dxe6+ fxe6 23.Bf3 Rc8 24.O-O Bg7 25.Rd1 Bxd4 26.Rxd4 Rc1+ 27.Rd1 Rxd1+
28.Bxd1 Rc8 29.Kf1 b6 30.Ke1 Ke7 31.Rh3 Nf7 32.Kd2 Rg8 33.g3 Rd8+ 34.Ke2 Rd4
35.Bc2 Kf6 36.Ke3 Rc4 37.Bd3 Rc7 38.Rh4 Rc5 39.Ra4 Rc7 40.h3 Ng5 41.f4 Nf7
42.Rd4 Ke7 43.Rc4 Rxc4 44.Bxc4 Nd6 45.Bd3 Kf6 46.Kd4 Nf7 47.b4 Nd6 48.a4 Nb7
49.Be2 Nd6 50.Bf3 Nf7 51.a5 Nd6 52.Bc6 Nf7 53.Ba4 Nd6 54.g4 fxg4 55.hxg4 Nf7
56.Bd1 e5+ 57.fxe5+ Nxe5 58.axb6 axb6 59.Kd5 Nd3 60.b5 Nc5 61.Kc6 Ne6 62.Kxb6 Nd4
63.Kc5 Nxb5 64.Kxb5 h5 65.g5+ Kxg5 66.Bxh5 Kxh5  1/2-1/2

[Event "Nord Cup 1st"]
[Site "Duesseldorf"]
[Date "1995.??.??"]
[Round "7"]
[White "Wilken, Erwin"]
[Black "Buchal, Werner"]
[Result "1/2-1/2"]
[WhiteElo "2105"]
[BlackElo "1775"]

1.c4 c6 2.e4 e5 3.d4 Qc7 4.dxe5 Qxe5 5.Nf3 Bb4+ 6.Nc3 Bxc3+ 7.bxc3 Qxe4+
8.Be2 Nf6 9.Ba3 d5 10.O-O Be6 11.Qb3 b6 12.cxd5 Qxd5 13.c4 Qe4 14.Rad1 c5
15.Bd3 Qf4 16.Bc1 Qc7 17.g3 O-O 18.Bf4 Qc8 19.Ng5 Bf5 20.Be2 Nc6 21.Bf3 Nd4
22.Rxd4 cxd4 23.c5 h6 24.cxb6 axb6 25.Rc1 Qa6 26.Nxf7 Rxf7 27.Bxa8 Qxa8 28.Be5 Qd5
29.Qxd5 Nxd5 30.Bxd4 Ra7 31.Ra1 Ra4 32.Rd1 Be6 33.Rd2 b5 34.f4 Nf6 35.Be5 Rxa2
36.Rd6 Kf7 37.Rb6 Bc4 38.Rb7+ Kg6 39.Rb6 Rd2 40.h3 Kf7 41.g4 Rd7 42.g5 hxg5
43.fxg5 Ne8 44.g6+ Kg8 45.Rb8 Re7 46.Bd6 Re6 47.Kf2 Be2 48.Bb4 Bh5 49.Rxb5 Bxg6
50.Rb8 Re4 51.Kf3 Re6 52.h4 Kh7 53.Bc3 Nf6 54.Rc8 Be4+ 55.Kf2 Rc6 56.Rxc6 Bxc6
57.Be1 Kh6 58.Kg3 Kh5 59.Kf4 Ne4 60.Kf5 g6+ 61.Ke6 Ba8 62.Ke5 Nc5 63.Kf6 Nd3
64.Bd2 Be4 65.Bg5 Kg4 66.Kg7 Ne1 67.Kh6 Ng2 68.Bd8 Nxh4 69.Kg7 Kh5 70.Kf6 Bf5
71.Kg7 Nf3 72.Kf6 Be4 73.Kg7 g5 74.Bxg5 Kxg5 75.Kf7 Kf5 76.Ke7 Ke5 77.Kd7 Nd4
78.Kc7 Kd5 79.Kb6 Kc4 80.Kc7 Kc5 81.Kd7 Kd5 82.Ke7 Ke5 83.Kd7 Nf5 84.Kc7 Kd5
85.Kb6 Nd6 86.Kc7 Bf5 87.Kb6 Be6 88.Kc7 Nc4 89.Kd8 Kd6 90.Ke8 Ne3 91.Kf8 Nf5
92.Ke8 Bd5 93.Kf8 Bc4 94.Ke8 Ke6 95.Kd8 Bd5 96.Kc7 Nd4 97.Kb6 Kd6 98.Ka5 Kc5
99.Ka4 Nc2 100.Ka5 Bc6 101.Ka6 Nd4 102.Ka5 Ne6 103.Ka6 Nd8 104.Ka5 Nb7+ 105.Ka6 Nd6
106.Ka5 Nb7+ 107.Ka6  1/2-1/2

[Event "Eger"]
[Site "Eger"]
[Date "1995.??.??"]
[Round "?"]
[White "Titz, Heimo"]
[Black "Kiss, Pal"]
[Result "1/2-1/2"]
[WhiteElo "2345"]
[BlackElo "2455"]

1.c4 c6 2.e4 d5 3.exd5 cxd5 4.d4 Nf6 5.Nc3 Nc6 6.Nf3 Bg4 7.cxd5 Nxd5 8.Be2 e6
9.O-O Be7 10.Qb3 Nb6 11.Be3 O-O 12.d5 Nxd5 13.Rfd1 Qc7 14.Nxd5 exd5 15.Qxd5 Be6
16.Qe4 Rfe8 17.Bd3 g6 18.Bg5 Bf5 19.Qh4 Bxd3 20.Rxd3 Ne5 21.Nxe5 Qxe5 22.Bxe7 Rxe7
23.Rf1 Rae8 24.Qd4 Qxd4 25.Rxd4 Rc8 26.Rd2 Rec7 27.g3 Rc1 28.Rxc1 Rxc1+ 29.Kg2 Rc7  1/2-1/2

[Event "Enghien les Bains"]
[Site "Enghien les Bains"]
[Date "1995.??.??"]
[Round "1"]
[White "Bacrot, Etienne"]
[Black "Payen, Arnaud"]
[Result "1-0"]
[WhiteElo "2395"]
[BlackElo "2345"]

1.c4 c6 2.e4 d5 3.cxd5 cxd5 4.exd5 Nf6 5.Qa4+ Nbd7 6.Nc3 g6 7.g3 Bg7 8.Bg2 O-O
9.d4 a6 10.Qb3 b5 11.Nf3 Nb6 12.Ne5 Bb7 13.Nc6 Qd7 14.O-O Kh8 15.Nb4 Rac8
16.Be3 a5 17.Nd3 a4 18.Qd1 Bxd5 19.Nc5 Qc6 20.Nxd5 Nfxd5 21.Qe2 b4 22.Rac1 Qd6
23.Qb5 a3 24.bxa3 Nc3 25.Qd3 Nxa2 26.Rc2 bxa3 27.Qd2 e5 28.d5 e4 29.Rxa2 Nc4
30.Qe2 Nxe3 31.Nxe4 Qxd5 32.fxe3 Bb2 33.Rxb2 axb2 34.Qxb2+ f6 35.Nxf6  1-0

[Event "Enghien les Bains"]
[Site "Enghien les Bains"]
[Date "1995.??.??"]
[Round "6"]
[White "Mellado Trivino, Juan"]
[Black "Payen, Arnaud"]
[Result "1/2-1/2"]
[WhiteElo "2460"]
[BlackElo "2345"]

1.c4 c6 2.e4 d5 3.exd5 cxd5 4.cxd5 Qxd5 5.Nc3 Qa5 6.d4 e6 7.Nf3 Nf6 8.Bc4 Be7
9.O-O O-O 10.Qe2 Nc6 11.Rd1 Rd8 12.Bf4 a6 13.Rac1 Bd7 14.d5 exd5 15.Nxd5 Nxd5
16.Bxd5 Bf6 17.b4 Qb5 18.Qxb5 axb5 19.Bc7 Rf8 20.h3 Be6 21.Rc5 Bxd5 22.Rdxd5 Nxb4
23.Rd7 Na6 24.Rxb5 Nxc7 25.Rxc7 Rxa2  1/2-1/2

[Event "NLD-ch sf"]
[Site "Enschede"]
[Date "1995.??.??"]
[Round "2"]
[White "Oei, Hway Ik"]
[Black "Strating, Sybolt"]
[Result "0-1"]
[WhiteElo "2235"]
[BlackElo "2310"]

1.c4 c6 2.e4 d5 3.exd5 cxd5 4.d4 Nf6 5.Nc3 g6 6.Qb3 Bg7 7.cxd5 O-O 8.Nf3 Nbd7
9.d6 exd6 10.Be2 Nb6 11.d5 Re8 12.Be3 Ng4 13.Bg5 Qc7 14.h3 h6 15.Bf4 Ne5
16.O-O g5 17.Nb5 Qd8 18.Be3 Bf5 19.Rac1 Re7 20.Nxa7 Nxf3+ 21.Bxf3 Rxe3 22.Qxe3 Rxa7
23.Be4 Bxe4 24.Qxe4 Be5 25.Rc2 Rxa2 26.g3 Rxb2 27.Rxb2 Bxb2 28.Rb1 Qf6 29.Kg2 Bd4
30.f4 gxf4 31.gxf4 Bc5 32.Rb3 Kf8 33.Kf3 Qh4 34.Qf5 h5 35.Rb2  0-1

[Event "NLD-ch sf"]
[Site "Enschede"]
[Date "1995.??.??"]
[Round "5"]
[White "Van Doeland, Julius H"]
[Black "Delemarre, Jop"]
[Result "1/2-1/2"]
[WhiteElo "2290"]
[BlackElo "2320"]

1.c4 c6 2.Nf3 d5 3.Qc2 Nf6 4.g3 Bg4 5.Bg2 e6 6.O-O Bd6 7.b3 O-O 8.Bb2 Nbd7
9.d3 a5 10.Nbd2 Qe7 11.h3 Bh5 12.Rfe1 Rfd8 13.Nh4 Ba3 14.Bxa3 Qxa3 15.g4 Bg6
16.Nxg6 hxg6 17.d4 Rac8 18.c5 b6 19.cxb6 Nxb6 20.e3 c5 21.Qc1 Qxc1 22.Raxc1 cxd4  1/2-1/2

[Event "FIN-chT"]
[Site "FIN"]
[Date "1995.??.??"]
[Round "?"]
[White "Nippula, Timo"]
[Black "Laine, Heikki"]
[Result "1-0"]
[WhiteElo "2255"]
[BlackElo "2235"]

1.c4 c6 2.g3 d5 3.cxd5 cxd5 4.Bg2 Nc6 5.Nf3 Nf6 6.O-O Bg4 7.d3 e6 8.Nc3 Be7
9.e4 O-O 10.Qa4 Bh5 11.Re1 a6 12.exd5 exd5 13.Ne5 Nxe5 14.Rxe5 Bd6 15.Re1 Bc5
16.Bg5 Qb6 17.Qc2 Ng4 18.Rf1 Rac8 19.Nxd5 Qb5 20.d4 Bd6 21.Qf5 g6 22.Ne7+ Bxe7
23.Qxb5 axb5 24.Bxe7 Rfe8 25.Bc5 Nf6 26.Bxb7 Rb8 27.Bg2 Be2 28.Rfe1 Bc4 29.Bd6 Rxe1+
30.Rxe1 Rd8 31.Be7 Re8 32.Bc6  1-0

[Event "FIN-chT"]
[Site "FIN"]
[Date "1995.??.??"]
[Round "?"]
[White "Yrjola, Jouni"]
[Black "Tella, Jussi"]
[Result "1/2-1/2"]
[WhiteElo "2440"]
[BlackElo "2240"]

1.c4 c6 2.e4 d5 3.exd5 cxd5 4.d4 Nf6 5.Nc3 e6 6.Nf3 Bb4 7.cxd5 Nxd5 8.Qc2 Qc7
9.Bd2 Bxc3 10.bxc3 O-O 11.Bd3 Nf6 12.O-O b6 13.Ne5 Ba6 14.c4 Rd8 15.Bc3 Nc6
16.Nf3 Ne7 17.Ne5 Nc6 18.Nf3 Ne7  1/2-1/2

[Event "BRA-sf62"]
[Site "Florianopolis"]
[Date "1995.??.??"]
[Round "?"]
[White "Morais Pinto, Pedro Jorge"]
[Black "Matsuura, Everaldo"]
[Result "0-1"]
[WhiteElo "2120"]
[BlackElo "2370"]

1.c4 c6 2.d4 d5 3.Nc3 Nf6 4.Nf3 e6 5.Bg5 dxc4 6.e4 b5 7.e5 h6 8.Bh4 g5 9.Nxg5 hxg5
10.Bxg5 Nbd7 11.exf6 Bb7 12.Be2 Qb6 13.Bf3 O-O-O 14.Qe2 Qxd4 15.Rd1 Qe5 16.Qxe5 Nxe5
17.Rxd8+ Kxd8 18.Be4 b4 19.Nd1 Bh6 20.f4 Nd3+ 21.Bxd3 cxd3 22.Kd2 c5 23.Ne3 Be4
24.Rc1 Bf8 25.h4 Bd6 26.g4 Kd7 27.Nc4 Bf3 28.Rg1 Be2 29.b3 Bc7 30.Nb2 Bb6
31.Rg3 c4 32.Nxc4 Bd4 33.Ne5+ Bxe5 34.fxe5 Kc6 35.Rxd3 Bxd3 36.Kxd3 Kd5 37.h5 Kxe5
38.Kc4 Rg8 39.Be3 Rxg4+ 40.Kb5 Kxf6 41.Bxa7 Kg5 42.Bc5 Rg2 43.Kxb4 Rxa2 44.Kc3 f5
45.b4 f4 46.b5 f3 47.b6 f2 48.b7 f1=Q 49.Be7+ Kf5  0-1

[Event "Formia op"]
[Site "Formia"]
[Date "1995.??.??"]
[Round "?"]
[White "Dizdarevic, Emir"]
[Black "Zlochevskij, Alexander"]
[Result "1/2-1/2"]
[WhiteElo "2465"]
[BlackElo "2485"]

1.c4 c6 2.Nc3 d5 3.e3 Nf6 4.Nf3 e6 5.b3 Bd6 6.Bb2 O-O 7.Qc2 a6 8.d4 b5 9.c5 Bc7
10.Bd3 Nbd7  1/2-1/2

[Event "FRA-chT"]
[Site "FRA"]
[Date "1995.??.??"]
[Round "?"]
[White "Rotstein, Arkadij"]
[Black "Flear, Glenn C"]
[Result "1/2-1/2"]
[WhiteElo "2490"]
[BlackElo "2480"]

1.c4 c6 2.d4 d5 3.Nf3 Nf6 4.e3 a6 5.Be2 Bg4 6.Qb3 Qc7 7.h3 Bh5 8.cxd5 cxd5
9.Bd2 e6 10.Ne5 Bxe2 11.Kxe2 Bd6 12.Rc1 Nc6 13.Nxc6 bxc6 14.Qa4 Kd7 15.Nc3 Rhc8
16.Rc2 Qb7 17.Rac1 Rab8 18.f3 Ke7 19.Nd1 Kd7 20.Nc3 Ke7 21.Nd1 Kd7 22.Nf2 Qb5+
23.Qxb5 axb5 24.Nd3 b4 25.b3 Rb6 26.Nb2 Ra6 27.Na4 Ne8 28.Kd3 Nc7 29.e4 Nb5
30.Be1 Rca8 31.e5 Be7 32.f4 Rxa4 33.bxa4 Rxa4 34.Rxc6 Ra3+ 35.Kd2 Rxa2+ 36.Ke3 Nc3
37.Bxc3 Kxc6 38.Bxb4+ Kd7 39.Bxe7 Kxe7 40.Rc7+ Ke8 41.Kf3 Ra3+ 42.Kg4 Rd3
43.Rc8+ Ke7 44.Rc7+ Ke8 45.Rc8+ Ke7  1/2-1/2

[Event "FRA-chT"]
[Site "FRA"]
[Date "1995.??.??"]
[Round "?"]
[White "Rotstein, Arkadij"]
[Black "Summerscale, Aaron"]
[Result "0-1"]
[WhiteElo "2490"]
[BlackElo "2435"]

1.c4 c6 2.d4 d5 3.Nc3 Nf6 4.Nf3 dxc4 5.a4 Bf5 6.e3 e6 7.Bxc4 Bb4 8.O-O Nbd7
9.Qe2 Bg4 10.Rd1 O-O 11.e4 Qa5 12.e5 Nd5 13.Ne4 c5 14.Bb5 Qc7 15.Bg5 a6 16.Bxd7 Qxd7
17.dxc5 Qc7 18.Nd6 Qxc5 19.Qe4 Bxf3 20.Qxf3 Qc2 21.Rac1 Qxb2 22.Nc4 Qa2 23.Rd4 g6
24.Qh3 h5 25.Qg3 b5 26.Rh4 bxc4  0-1

[Event "Frydek-Mistek op"]
[Site "Frydek-Mistek"]
[Date "1995.??.??"]
[Round "?"]
[White "Ulak, Slawomir"]
[Black "Svobodova, Michaela"]
[Result "1-0"]
[WhiteElo "2320"]
[BlackElo "2120"]

1.c4 c6 2.e4 Qa5 3.Nc3 e5 4.Nf3 Nf6 5.Be2 Bb4 6.Qc2 O-O 7.O-O d6 8.d3 Bg4
9.Bg5 Nbd7 10.Nh4 Bxe2 11.Nxe2 d5 12.a3 Be7 13.Nf5 Bd8 14.b4 Qb6 15.Neg3 h6
16.Be3 Qc7 17.Qe2 dxc4 18.dxc4 Nh7 19.Qg4 Bg5 20.h4 Ndf6 21.Qf3 Bxe3 22.Qxe3 c5
23.bxc5 Rfc8 24.Nd6 Rd8 25.Ngf5 Nf8 26.Nb5 Qd7 27.Qf3 Qd3 28.Nxh6+ gxh6 29.Qxf6 Qxe4
30.Nd6 Qg6 31.Qxe5 Nd7 32.Qe7 Nxc5 33.Nxf7 Qxf7 34.Qxc5 Rdc8 35.Qe3 Rxc4
36.Qxh6 Rc6 37.Qd2 Rg6 38.Qa2 Rc8 39.Qxf7+ Kxf7 40.Rac1 Rxc1 41.Rxc1 Ra6
42.Rc3 Ra4 43.g3 b5 44.Kg2 a5 45.Kh3 b4 46.axb4 axb4 47.Rc8 Ra2 48.f4 b3
49.Rb8 Rb2 50.Rb6 Rb1 51.Kg4 b2 52.Kf5 Rg1 53.Rxb2 Rxg3 54.Rb7+ Kg8 55.h5 Rh3
56.Kf6 Ra3 57.f5 Ra6+ 58.Kg5 Ra1 59.Kg6 Rg1+ 60.Kf6 Ra1 61.Rb8+ Kh7 62.Re8 Rf1
63.Ke6 Kg7 64.Re7+ Kf8 65.Rf7+ Kg8 66.Re7 Re1+ 67.Kf6 Rf1 68.Rg7+ Kf8 69.Rg4 Ra1
70.Kg6 Ra6+ 71.f6 Kg8 72.Re4 Kf8 73.Rb4 Ra8 74.h6 Kg8 75.Re4 Kh8 76.Re7  1-0

[Event "Frydek-Mistek op-B"]
[Site "Frydek-Mistek"]
[Date "1995.??.??"]
[Round "?"]
[White "Dobrovolsky, Ladislav"]
[Black "Seifert"]
[Result "0-1"]
[WhiteElo "2380"]
[BlackElo "2255"]

1.c4 c6 2.e4 e6 3.d4 d5 4.exd5 exd5 5.cxd5 cxd5 6.Nc3 Nc6 7.Nf3 Bb4 8.Qb3 Nge7
9.Bd3 O-O 10.O-O h6 11.Bf4 Bd6 12.Bxd6 Qxd6 13.Rfe1 a6 14.h3 b5 15.Rad1 Be6
16.Bb1 Rfe8 17.Ne5 Na5 18.Qc2 Bf5 19.Qe2 Bxb1 20.Nxb1 Ng6 21.Qf3 Nxe5 22.dxe5 Rxe5
23.Rxe5 Qxe5 24.Nc3 Re8 25.Rxd5 Qe1+ 26.Kh2 Nc4 27.Rd1 Qe5+ 28.g3 Nxb2 29.Rd7 Qe6
30.Ra7 Nc4 31.Ne4 Ne5 32.Qa3 Nc6  0-1

[Event "Frydek-Mistek op-B"]
[Site "Frydek-Mistek"]
[Date "1995.??.??"]
[Round "?"]
[White "Vysoglad, Petr"]
[Black "Seifert"]
[Result "1/2-1/2"]
[WhiteElo "2115"]
[BlackElo "2255"]

1.c4 c6 2.b3 d5 3.e3 Bf5 4.Nf3 e6 5.Bb2 Nf6 6.h3 Nbd7 7.Be2 Nc5 8.d4 Nce4
9.O-O Bd6 10.Ne5 Nd7 11.Nd2 O-O 12.Nxe4 Bxe4 13.f3 Bf5 14.g4 Bg6 15.Nxg6 hxg6
16.f4 g5 17.Bd3 Qf6 18.Qf3 g6 19.Rae1 Rae8 20.cxd5 exd5 21.f5 Bb4 22.Re2 Qd6
23.e4 dxe4 24.Rxe4 Rxe4 25.Bxe4 Ba5 26.d5 Bc7 27.Qg2 Nc5 28.Ba3 Re8 29.fxg6 Rxe4
30.gxf7+ Kf8 31.b4 Qxd5 32.Rc1 Bb6 33.Kh1 Qe5 34.bxc5 Re1+ 35.Rxe1 Qxe1+
36.Qg1 Qe4+ 37.Qg2 Qe1+ 38.Qg1 Qe4+ 39.Qg2 Qb1+ 40.Qg1 Qe4+ 41.Qg2 Qe1+ 42.Qg1 Qe4+
43.Qg2 Qe1+ 44.Qg1 Qxg1+ 45.Kxg1 Bd8 46.Kg2 Kxf7 47.Kf3 Ke6 48.Ke4 Be7 49.Bc1 b6
50.cxb6 axb6 51.a4 c5 52.Bd2 Bd8 53.Bc3 Kd6 54.Be5+ Kc6 55.Bc3 Kd6 56.Be5+ Ke6
57.Bc3 Bc7  1/2-1/2

[Event "Gausdal Masters"]
[Site "Gausdal"]
[Date "1995.??.??"]
[Round "?"]
[White "Nielsen, Peter Heine"]
[Black "Gretarsson, Helgi Ass"]
[Result "1-0"]
[WhiteElo "2500"]
[BlackElo "2450"]

1.c4 c6 2.e4 e5 3.Nf3 d6 4.d4 Nd7 5.Nc3 Ngf6 6.Be2 Be7 7.O-O O-O 8.Rb1 a6
9.b4 b5 10.c5 dxc5 11.dxc5 a5 12.a3 Re8 13.Qc2 Qc7 14.Nd1 Nf8 15.Bb2 Ng6
16.Ne3 Bf8 17.g3 a4 18.h4 Be6 19.Nd2 h5 20.Bc3 Rad8 21.Rbc1 Rd7 22.Nf3 Ng4
23.Nxg4 Bxg4 24.Nh2 Bh3 25.Rfe1 Qd8 26.Kh1 Re6 27.Rg1 Rf6 28.Bxh5 Rd3 29.Rcd1 Rxd1
30.Rxd1 Qc8 31.Qe2 Qe6 32.Bg4 Qb3 33.Bxh3 Qxc3 34.Bf5 Qxa3 35.Ng4 Qxb4 36.Nxf6+ gxf6
37.h5  1-0

[Event "Geneve op"]
[Site "Geneve"]
[Date "1995.??.??"]
[Round "5"]
[White "Markowski, Tomasz"]
[Black "Collas, Didier"]
[Result "1-0"]
[WhiteElo "2470"]
[BlackElo "2335"]

1.c4 c6 2.Nf3 d5 3.e3 Nf6 4.d4 Bf5 5.cxd5 cxd5 6.Qb3 Qc7 7.Nc3 e6 8.Bd2 Nc6
9.Be2 Be7 10.O-O O-O 11.Rfc1 Nd7 12.Qd1 Rfc8 13.Na4 Qd8 14.a3 Na5 15.Bb4 Bf6
16.Bb5 Nc4 17.b3 Ncb6 18.Nc3 a6 19.Be2 Rc6 20.a4 Nc8 21.a5 Nd6 22.Nxd5 exd5
23.Rxc6 bxc6 24.Bxd6 c5 25.Ra4 cxd4 26.Nxd4 Be4 27.Ra1 h6 28.Bf1 Ne5 29.Bb4 Qc7
30.Rc1 Qb7 31.Qd2 h5 32.h3 g5 33.Bd6 Qd7 34.Qb4 g4 35.Rc7 Qe8 36.hxg4 hxg4
37.Be7 Bg7 38.Qd6 Ng6 39.Bf6 Bf8 40.Qd7 g3 41.f3 Bh6 42.fxe4 Bxe3+ 43.Kh1 dxe4
44.Qxe8+ Rxe8 45.Bxa6 Bd2 46.Rc8 Rxc8 47.Bxc8 Bxa5 48.Nf5 Be1 49.Bb7  1-0

[Event "Geneve op"]
[Site "Geneve"]
[Date "1995.??.??"]
[Round "8"]
[White "Sher, Miron N"]
[Black "Milov, Leonid"]
[Result "1-0"]
[WhiteElo "2510"]
[BlackElo "2525"]

1.c4 c6 2.e4 d5 3.exd5 cxd5 4.d4 Nf6 5.Nc3 Nc6 6.Bg5 Qa5 7.Bxf6 exf6 8.cxd5 Bb4
9.Qd2 Bxc3 10.bxc3 Qxd5 11.Nf3 O-O 12.Be2 Na5 13.O-O Be6 14.Qb2 Rac8 15.Rfc1 Rfd8
16.Nd2 Rc7 17.Nf1 Nc4 18.Bxc4 Qxc4 19.Ne3 Qa4 20.Rd1 b5 21.d5 Bd7 22.Rd4 Qa5
23.c4 bxc4 24.Nxc4 Qb5 25.Qxb5 Bxb5 26.Ne3 Rc5 27.g4 g6 28.Kg2 Kf8 29.Rb1 a5
30.a4 Bc6 31.Kg3 Bd7 32.Rb6 f5 33.h3 fxg4 34.hxg4 Ra8 35.Rb7 Bc8 36.Rb1 Ba6
37.Rb6 Ra7 38.Kf4 Bc8 39.Nc4 Bd7 40.Ne5 h6 41.Rb8+ Ke7 42.Rb6 Rc3 43.Nxd7 Rxd7
44.Rb5 Kf6 45.Rb6+ Ke7 46.Ke5 Rc5 47.Rb8 f6+ 48.Ke4 Rd8 49.Rb7+ Rd7 50.Rb1 Kf7
51.Rb6 h5 52.gxh5 gxh5 53.f4 h4 54.Rb1 h3 55.Rh1 Re7+ 56.Kf3 Rd7 57.Ke4 Rc3
58.d6 Rd8 59.Kd5 Rh8 60.Rd2 Rh5+ 61.Kd4 Rc6 62.Ke4 Rc4+ 63.Kf3 Rc3+ 64.Kg4 Rh8
65.d7 Rg8+ 66.Kf5 Rc5+ 67.Ke4 f5+ 68.Kd4 Rc7 69.Ke5 Rc5+ 70.Rd5 Rxd5+ 71.Kxd5 Ke7
72.Rxh3 Kxd7 73.Rh7+ Kc8 74.Ra7 Kb8 75.Rxa5 Re8 76.Kd6 Re4 77.Rxf5 Rxa4 78.Rb5+ Kc8
79.f5 Rd4+ 80.Ke7 Re4+ 81.Kf7 Kd7 82.Rd5+ Kc6 83.Rd2  1-0

[Event "Gent op"]
[Site "Gent"]
[Date "1995.??.??"]
[Round "9"]
[White "Tonoli, Walter"]
[Black "Borst, Johan"]
[Result "0-1"]
[WhiteElo "2285"]
[BlackElo "2320"]

1.c4 c6 2.b3 d5 3.Bb2 Bg4 4.g3 e6 5.Bg2 Nd7 6.Nf3 Ngf6 7.O-O Bd6 8.d3 O-O
9.Nbd2 Qe7 10.a3 a5 11.Qc2 h6 12.e4 dxe4 13.dxe4 e5 14.Nh4 g6 15.f4 exf4
16.gxf4 Nh5 17.Qc3 Kh7 18.Ndf3 Bxf4 19.e5 Qc5+ 20.Kh1 Qe3 21.Qc2 Nc5 22.Nd4 Qd3
23.b4 Qxc2 24.Nxc2 Nd3 25.Bc3 Bxe5 26.Bxe5 Nxe5 27.Rae1 Nxc4 28.Re4 Be6 29.Nd4 Bd5
30.Re7 Bxg2+ 31.Nxg2 Nd6 32.bxa5 Kg8 33.Nb3 Ng7 34.Rd7 Ndf5 35.Nf4 Rfd8 36.Rc7 Rac8
37.Rxc8 Rxc8 38.Nd3 Re8 39.Ndc5 Re2 40.Rb1 Nh4 41.Kg1 Ngf5 42.Nxb7 Nf3+ 43.Kf1 Rxh2  0-1

[Event "BL2-N9495"]
[Site "Germany"]
[Date "1995.??.??"]
[Round "?"]
[White "Lagunow, Alexander"]
[Black "Hermann, Manfred"]
[Result "1/2-1/2"]
[WhiteElo "2395"]
[BlackElo "2385"]

1.c4 c6 2.e4 d5 3.exd5 cxd5 4.cxd5 Nf6 5.Nc3 Nxd5 6.Nf3 Nc6 7.d4 Bg4 8.Qb3 Bxf3
9.gxf3 Nb6 10.Be3 e6 11.O-O-O Be7 12.Rg1 O-O 13.Kb1 Nd5 14.Nxd5 Qxd5 15.Qxd5 exd5
16.Bb5 Rac8 17.Rc1 f5 18.Bxc6 bxc6 19.Bf4 Bf6 20.Be5 Bxe5 21.dxe5 Rfe8 22.f4 Re6
23.Rg5 Rh6 24.Rxf5 Rxh2 25.e6 Rxf2 26.Rxd5 Rxf4 27.Rd7 g5 28.Rh1 Rh4 29.Rxh4 gxh4
30.Rxa7 Re8 31.Ra4 Rxe6 32.Rxh4  1/2-1/2

[Event "BL2-O9495"]
[Site "Germany"]
[Date "1995.??.??"]
[Round "?"]
[White "Kosten, Anthony C"]
[Black "Naumann, Alexander"]
[Result "1/2-1/2"]
[WhiteElo "2510"]
[BlackElo "2235"]

1.c4 c6 2.Nc3 d5 3.d4 e6 4.cxd5 exd5 5.Bf4 Nf6 6.e3 Bf5 7.h3 Nbd7 8.g4 Bg6
9.Bg2 Be7 10.h4 h6 11.f3 Nf8 12.Nge2 Ne6 13.Bg3 a6 14.Kf2 c5 15.Nf4 Nxf4
16.Bxf4 O-O 17.Be5 Nd7 18.Nxd5 Nxe5 19.dxe5 Bxh4+ 20.Kg1 c4 21.f4 Bd3 22.g5 hxg5
23.Qg4 f5 24.exf6 Rxf6 25.Nxf6+ Qxf6 26.Bd5+ Kf8 27.Qf3 Rd8 28.fxg5 Qxf3
29.Bxf3 Bxg5 30.Re1 b5 31.Rh8+ Ke7 32.Rxd8 Kxd8 33.Bb7 Kc7 34.Bxa6 Kb6 35.Bc8 Bf6
36.e4 Bxb2 37.Kg2 Bc3 38.Re3 Bd2 39.Rxd3 cxd3 40.Kf3 Kc5 41.e5 Kd4 42.Ba6 Kxe5
43.Bxb5 Kd4 44.a4 Ba5 45.Kf4 Kc3 46.Kg5 d2 47.Be2 Kc2 48.Kg6  1/2-1/2

[Event "BL2-O9495"]
[Site "Germany"]
[Date "1995.??.??"]
[Round "?"]
[White "Schunk, Thomas"]
[Black "Naumann, Alexander"]
[Result "1/2-1/2"]
[WhiteElo "2285"]
[BlackElo "2235"]

1.c4 c6 2.Nf3 d5 3.b3 Nf6 4.Bb2 Bg4 5.e3 Nbd7 6.Qc2 e6 7.Be2 Bd6 8.O-O e5
9.d3 O-O 10.Nbd2 Qe7 11.e4 dxe4 12.Nxe4 Nxe4 13.dxe4 Rfe8 14.Rad1 Nf8 15.g3 g6
16.c5 Bc7 17.b4 h5 18.h4 Qf6 19.Ng5 Bxe2 20.Qxe2 Qe7 21.Nf3 a5 22.a3 axb4
23.axb4 Ra2 24.Rb1 f6 25.Rfd1 Qe6 26.Qe3 Rd8 27.Rxd8 Bxd8 28.Qc3 Kg7 29.Ne1 Ra8
30.Nc2 Qg4 31.Qe3 Bc7 32.Re1 Rd8 33.Kg2 Qe6 34.Qc3 Qd7 35.Ne3 Ne6 36.Rd1 Qe7
37.Rxd8 Qxd8 38.Qc4 Qd7  1/2-1/2

[Event "Bundesliga 9495"]
[Site "Germany"]
[Date "1995.??.??"]
[Round "?"]
[White "Bischoff, Klaus"]
[Black "Hennig, Dirk"]
[Result "1/2-1/2"]
[WhiteElo "2525"]
[BlackElo "2350"]

1.c4 c6 2.Nc3 d5 3.d4 e6 4.e3 f5 5.Bd3 Nf6 6.Nge2 Bd6 7.f3 Qc7 8.cxd5 exd5
9.Qc2 g6 10.Bd2 Be6 11.O-O-O Nbd7 12.h3 O-O-O 13.g4 Rdf8 14.Kb1 Kb8 15.Nf4 Bxf4
16.exf4 Ne8 17.Rde1 Ng7 18.Na4 Re8 19.Re2 Bf7 20.Be3 Re7 21.Qd2 Rhe8 22.Rhe1 Ka8
23.b3 Qd6 24.Nc5 b6 25.Nxd7 Rxd7 26.Bf2 Rxe2 27.Rxe2 c5 28.Re5 c4 29.Bc2 Rc7
30.Qe3 Be6 31.Bh4 Bc8 32.Be7 Qc6 33.Bd8 Rd7 34.Bh4 Qd6 35.Be7 Qc6 36.Bh4 Qd6
37.Be7 Qc6 38.Bf8 Rc7 39.Bxg7 Rxg7 40.Re7 Rxe7 41.Qxe7 Qd7 42.Qe5 b5 43.b4 Kb7
44.Kb2 Qe6 45.Kc3 Kc6 46.a3 Qxe5 47.dxe5 Be6 48.Kd4 Bc8 49.Bd1 Be6 50.Be2 Bc8
51.Bf1 Be6 52.Bg2 Bc8  1/2-1/2

[Event "Bundesliga 9495"]
[Site "Germany"]
[Date "1995.??.??"]
[Round "?"]
[White "Heissler, Jakob"]
[Black "Mueller, Karsten"]
[Result "0-1"]
[WhiteElo "2440"]
[BlackElo "2470"]

1.c4 c6 2.g3 d5 3.Qc2 e5 4.Bg2 Nf6 5.d3 Bb4+ 6.Bd2 Bxd2+ 7.Nxd2 O-O 8.Ngf3 Qe7
9.e3 Na6 10.O-O Re8 11.a3 Bf5 12.b4 Rad8 13.cxd5 cxd5 14.Qb3 e4 15.Nd4 Bg6
16.dxe4 dxe4 17.Rfc1 h5 18.Qc4 Rd5 19.N2b3 h4 20.b5 Nb8 21.Ne2 Bf5 22.Nf4 Re5
23.Nd4 hxg3 24.hxg3 Nbd7 25.Qb4 Nc5 26.Rc2 Bd7 27.a4 Ng4 28.a5 Qg5 29.b6 a6
30.Rac1 Nd3 31.Nxd3 exd3 32.Nf3 Qh5 33.Rc5 d2 34.Nxd2 Qh2+ 35.Kf1 Rxe3 36.Qf4 Re2
37.Rc7 Rxf2+ 38.Qxf2 Bb5+ 39.Nc4 Nxf2 40.Kxf2 Qh6 41.Rh1 Qf6+ 42.Bf3 Qd4+
43.Kg2 Bxc4  0-1

[Event "Bundesliga 9495"]
[Site "Germany"]
[Date "1995.??.??"]
[Round "?"]
[White "Podzielny, Karl Heinz"]
[Black "Mueller, Karsten"]
[Result "1/2-1/2"]
[WhiteElo "2455"]
[BlackElo "2470"]

1.c4 c6 2.g3 d5 3.Bg2 e5 4.cxd5 cxd5 5.d4 e4 6.Nc3 Nc6 7.Nh3 Be7 8.O-O Nf6
9.Bg5 O-O 10.Nf4 Be6 11.e3 Ne8 12.Bxe7 Nxe7 13.Qb3 Qd7 14.Rfc1 Nf6 15.a4 a5
16.Qb5 Nc6 17.h4 h6 18.h5 Rfd8 19.Na2 Bg4 20.Rc5 Rab8 21.Nc3 Be6 22.Rc1 Qd6
23.Qf1 Qd7 24.Nb5 Bg4 25.Nc3 Be6  1/2-1/2